EU se "Zimním balíčkem" – přežije energetika rok 2020?

Výhľad energetickej situácie v Európskej únii na obdobie ďalších 20 rokov s globálnymi aspektmi.

Salvato in:
Dettagli Bibliografici
Autore principale: Zbořil, Josef
Natura: Capitolo di libro
Lingua:ceco
Soggetti:
Tags: Aggiungi Tag
Nessun Tag, puoi essere il primo ad aggiungerne!!

MARC

LEADER 00000naa a2200000 4500
001 0229007
005 20221104112243.7
041 0 |a cze 
044 |a CZ 
245 1 0 |a EU se "Zimním balíčkem" – přežije energetika rok 2020?  |c Josef Zbořil 
520 |a Výhľad energetickej situácie v Európskej únii na obdobie ďalších 20 rokov s globálnymi aspektmi. 
610 2 0 |a Európska únia 
610 2 0 |a energetika 
610 2 0 |a hospodárstvo energetické 
610 2 0 |a náročnosť energetická 
610 2 0 |a trh energetický 
610 2 0 |a zdroje energetické 
610 2 0 |a závislosť energetická 
610 2 0 |a bezpečnosť energetická 
100 1 |a Zbořil, Josef